000 00299nam a2200109Ia 4500
008 190907s9999||||xx |||||||||||||| ||und||
100 _aAT & T
245 0 _aOpen Look Graphical User Interface Application Style Guidelines
260 _a New York
_bAddison -Wesley
_c1990
300 _a388
942 _cBK
999 _c6244
_d6244